Score 0/40 Timer 08:00
0 Plays Today
% Correct
Oven
99.1%
Spelling
94.9%
Desserts
94.2%
Business
94%
Homeschoolers
92.3%
Intelligence
91%
Dollars
89%
Satan
88.7%
Jesus
88%
Exceptions
87.5%
Leaping
87.2%
Don't
87.1%
Policies
86.9%
Patience
86.7%
Available
86.6%
Plaques
86.3%
Difference
86.2%
Too
84.6%
Revoked
84.4%
Cooked
84.3%
% Correct
Temporarily
83.4%
They're
83.1%
Whooping
82.1%
Restaurant
80.5%
Here
80.2%
Appetizer/Appetiser
80%
Official
79.5%
Dining
79.4%
Shrubs
78.7%
Environmentally
78.3%
Technician
77.1%
Strictly
74%
Challenger
73.8%
Personnel
69.4%
Quiet
67.4%
Martin
67.3%
Trophies
67%
And
66.9%
Accept
66.4%
Excellence
66.1%
Remove Ads.
Support Sporcle.
Get the best of Sporcle when you Go Orange. This ad-free experience offers more features, more stats, and more fun while also helping to support Sporcle. Thank you for becoming a member.

You're not logged in!

Compare scores with friends on all Sporcle quizzes.
OR
Log In

Show Comments

Extras

Top Quizzes Today


Score Distribution

Your Account Isn't Verified!

In order to create a playlist on Sporcle, you need to verify the email address you used during registration. Go to your Sporcle Settings to finish the process.

Report this User

Report this user for behavior that violates our Community Guidelines.

Details: